मला उत्तर हवंय (Record no. 956519)

MARC details
000 -LEADER
fixed length control field 00336nam a2200133Ia 4500
008 - FIXED-LENGTH DATA ELEMENTS--GENERAL INFORMATION
fixed length control field 151001s9999||||xx |||||||||||||| ||und||
100 ## - MAIN ENTRY--PERSONAL NAME
Personal name सुरेश खरे
245 ## - TITLE STATEMENT
Title मला उत्तर हवंय
250 ## - EDITION STATEMENT
Edition statement 1
260 ## - PUBLICATION, DISTRIBUTION, ETC. (IMPRINT)
Name of publisher, distributor, etc जोशी ब्रदर्स
260 ## - PUBLICATION, DISTRIBUTION, ETC. (IMPRINT)
Date of publication, distribution, etc 1971
300 ## - PHYSICAL DESCRIPTION
Extent 76
365 ## - TRADE PRICE
Price amount 18

No items available.